| 000 | 00543nam a2200193Ia 4500 | ||
|---|---|---|---|
| 005 | 20250508163707.0 | ||
| 008 | 008 250505s9999 xx 000 0 hin d | ||
| 037 | _aTextual | ||
| 040 |
_aFEDL _beng _cFEDL |
||
| 041 |
_ahin _2hin |
||
| 084 |
_a370, PAN _qFEDL |
||
| 100 | _aPandey Ram Shakal | ||
| 245 | 0 | _aShakishk vatayan : Sahitya prichya rajat jayanti visheshank | |
| 260 |
_aAgra, India _bVinod Pustak Mandir _c1991 |
||
| 300 | _a177p | ||
| 650 | _aEducation | ||
| 942 |
_cTEXL _h370, PAN |
||
| 999 |
_c1384746 _d1384746 |
||